Library Logo

Making meetings matter : (Record no. 139431)

000 -LEADER
fixed length control field 00846nam a22002775i 4500
001 - CONTROL NUMBER
control field 18893839
003 - CONTROL NUMBER IDENTIFIER
control field BD-DhUL
005 - DATE AND TIME OF LATEST TRANSACTION
control field 20161221091614.0
008 - FIXED-LENGTH DATA ELEMENTS--GENERAL INFORMATION
fixed length control field 151210s2016 cau 000 0 eng
010 ## - LIBRARY OF CONGRESS CONTROL NUMBER
LC control number 2015959784
020 ## - INTERNATIONAL STANDARD BOOK NUMBER
International Standard Book Number 9781941870488 (pbk.)
040 ## - CATALOGING SOURCE
Original cataloging agency DLC
Language of cataloging eng
Description conventions rda
Transcribing agency BD-DhUL
042 ## - AUTHENTICATION CODE
Authentication code pcc
082 ## - DEWEY DECIMAL CLASSIFICATION NUMBER
Classification number 658.4
Item number HOC
100 1# - MAIN ENTRY--PERSONAL NAME
Personal name Ware, James.
245 10 - TITLE STATEMENT
Title Making meetings matter :
Remainder of title new rules and cool tools for leading corporate conversations in the digital age /
Statement of responsibility, etc. James Ware, PhD.
263 ## - PROJECTED PUBLICATION DATE
Projected publication date 1601
264 #1 - PRODUCTION, PUBLICATION, DISTRIBUTION, MANUFACTURE, AND COPYRIGHT NOTICE
Place of production, publication, distribution, manufacture Oceanside, CA :
Name of producer, publisher, distributor, manufacturer Indie Books International,
Date of production, publication, distribution, manufacture, or copyright notice 2016.
300 ## - PHYSICAL DESCRIPTION
Extent pages cm
336 ## - CONTENT TYPE
Content type term text
Content type code txt
Source rdacontent
337 ## - MEDIA TYPE
Media type term unmediated
Media type code n
Source rdamedia
338 ## - CARRIER TYPE
Carrier type term volume
Carrier type code nc
Source rdacarrier
906 ## - LOCAL DATA ELEMENT F, LDF (RLIN)
a 0
b ibc
c orignew
d 2
e epcn
f 20
g y-gencatlg
942 ## - ADDED ENTRY ELEMENTS (KOHA)
Source of classification or shelving scheme
Koha item type Books
Holdings
Price effective from Date last seen Permanent Location Not for loan Date acquired Source of classification or shelving scheme Koha item type Lost status Withdrawn status Source of acquisition Collection code Damaged status Shelving location Barcode Current Location Full call number
2016-12-212016-12-21Dhaka University Library 2011-01-25 Books  PurchasedNon Fiction General Stacks455484Dhaka University Library658.4 HOC
Last Updated on September 15, 2019
© Dhaka University Library. All Rights Reserved|Staff Login